Statistiques concernant Les 20 préfectures les plus proches de Caen

Cliquez ici pour prendre le quiz!

Statistiques générales

  • Ce quiz a été pris 137 fois
  • Le résultat moyen est 14 sur 20

Statistiques - réponses

distance (en km)ville préfecture% Correct
199Paris
96%
153Rennes
96%
110Rouen
96%
53Saint-Lo
93%
90Alençon
86%
137Le Mans
86%
208Amiens
81%
112Evreux
80%
190.57Angers
74%
127Laval
71%
190.62Saint Brieuc
70%
159Chartres
66%
214.09Tours
66%
187Versailles
66%
180Beauvais
58%
176Cergy-Pontoise
54%
213.98Evry Courcouronnes
53%
211Créteil
52%
190Nanterre
51%
207Bobigny
50%

Distribution des résultats

Percentile par nombre de réponses

% des personnes avec chaque résultat

Votre développement - résultats

Vous n’avez pas pris ce quiz